American engineers' contributions to cost accounting /

Bibliographic Details
Other Authors: Wells, M. C.
Format: Book
Language:English
Published: New York : Arno Press, 1978.
Series:Development of contemporary accounting thought.
Subjects:

MARC

Tag First Indicator Second Indicator Subfields
LEADER 00000pam a2200000 i 4500
001 in00000267921
005 20151010062346.0
008 780119r19781873nyua b 00000 eng
010 |a  77087320  
020 |a 0405109326 :  |c $25.00 
035 |a (OCoLC)03631402 
035 |9 ABD7388AM 
040 |a DLC  |c DLC  |d TXA  |d UtOrBLW 
049 |a TXAM  |c [1166524] 
050 0 0 |a TA185  |b .A46 
082 0 |a 657/.42 
245 0 0 |a American engineers' contributions to cost accounting /  |c edited by M. C. Wells, with an introd. 
264 1 |a New York :  |b Arno Press,  |c 1978. 
300 |a approximately 300 pages :  |b illustrations ;  |c 24 cm. 
336 |a text  |b txt  |2 rdacontent 
337 |a unmediated  |b n  |2 rdamedia 
338 |a volume  |b nc  |2 rdacarrier 
490 1 |a The Development of contemporary accounting thought 
500 |a "This anthology is, in a sense, a memorial to the foundation members of the American Society of Mechanical Engineers." 
500 |a Reprint of many articles published between 1873-1912 by various publishers. 
504 |a Bibliography: page [5]. 
650 0 |a Engineering  |x Accounting. 
650 0 |a Cost accounting. 
700 1 |a Wells, M. C. 
830 0 |a Development of contemporary accounting thought. 
999 |a MARS 
999 f f |s b1cf17f7-1863-36bb-9b0f-dfbb08da2c9c  |i f9f16d22-4f9e-30d9-99ee-1e87e5cdbba9  |t 0 
952 f f |p ric  |a Texas A&M University  |b Rellis Campus  |c Joint Library Facility  |d Remote Storage  |t 0  |e TA185 .A46  |h Library of Congress classification  |i unmediated -- volume  |m A14805298972 
998 f f |a TA185 .A46  |t 0  |l Remote Storage